[Event "Mittelfranken-chTB2a 1819"]
[Site "Mittelfranken"]
[Date "2019.04.28"]
[Round "9.2"]
[White "Loellmann, Heinrich"]
[Black "Basting, Steffen"]
[Result "1/2-1/2"]
[WhiteElo "1960"]
[BlackElo "2008"]
[PlyCount "70"]
[EventDate "2018.10.14"]
[EventType "team-tourn"]
[EventRounds "9"]
[EventCountry "GER"]
[SourceTitle "EXT 2022"]
[Source "ChessBase"]
[SourceDate "2021.10.06"]
[SourceVersion "1"]
[SourceVersionDate "2021.10.06"]
[SourceQuality "1"]
[WhiteTeam "Bubenreuth"]
[BlackTeam "Fuerth SF"]
[WhiteTeamCountry "GER"]
[BlackTeamCountry "GER"]

1. e4 c5 2. Nf3 d6 3. c4 e5 4. d3 Nc6 5. Nc3 g6 6. Be2 Bg7 7. Nd5 h6 8. Be3 Nf6 9. h3 0-0 10. 0-0 Nxd5 11. cxd5 Ne7 12. Rb1 f5 13. b4 b6 14. a4 a5 15. bxc5 bxc5 16. Qb3 Ba6 17. Qc2 Qc7 18. Rb2 Rfb8 19. Rfb1 Rb4 20. Kf1 Qd7 21. Bd2 Rxa4 22. Ra2 Rxa2 23. Qxa2 a4 24. Bc3 Kh7 25. Nd2 Bf6 26. Nc4 Bxc4 27. Qxc4 a3 28. Ra1 Ra4 29. Qb3 Qa7 30. Bd1 Ra6 31. Ra2 Bg5 32. Qc2 Qb7 33. Qb3 Qa7 34. Qc2 Qb7 35. Qb3 Qa7 1/2-1/2

[Event "Mittelfranken-chTB2a 1819"]
[Site "Mittelfranken"]
[Date "2018.11.04"]
[Round "2.1"]
[White "Basting, Steffen"]
[Black "Planner, Joerg"]
[Result "1/2-1/2"]
[WhiteElo "2008"]
[BlackElo "2048"]
[PlyCount "32"]
[EventDate "2018.10.14"]
[EventType "team-tourn"]
[EventRounds "9"]
[EventCountry "GER"]
[SourceTitle "EXT 2022"]
[Source "ChessBase"]
[SourceDate "2021.10.06"]
[SourceVersion "1"]
[SourceVersionDate "2021.10.06"]
[SourceQuality "1"]
[WhiteTeam "Fuerth SF"]
[BlackTeam "Heilsbronn"]
[WhiteTeamCountry "GER"]
[BlackTeamCountry "GER"]

1. e4 c5 2. Nc3 e6 3. Nge2 Nc6 4. g3 g6 5. d4 cxd4 6. Nxd4 a6 7. Bg2 Bg7 8. Be3 Nge7 9. 0-0 h6 10. f4 0-0 11. e5 f6 12. exf6 Bxf6 13. Nxc6 Nxc6 14. Qg4 Ne7 15. Ne4 Bg7 16. Nd6 Nf5 1/2-1/2

[Event "Mittelfranken-chTB2a 1718"]
[Site "Mittelfranken"]
[Date "2018.02.18"]
[Round "5.2"]
[White "Thuerauf, Peter"]
[Black "Basting, Steffen"]
[Result "1/2-1/2"]
[WhiteElo "1828"]
[BlackElo "2023"]
[PlyCount "52"]
[EventDate "2017.10.08"]
[EventType "team-tourn"]
[EventRounds "9"]
[EventCountry "GER"]
[SourceTitle "EXT 2022"]
[Source "ChessBase"]
[SourceDate "2021.10.06"]
[SourceVersion "1"]
[SourceVersionDate "2021.10.06"]
[SourceQuality "1"]
[WhiteTeam "Nuernberg Sued SW IV"]
[BlackTeam "Fuerth SF"]
[WhiteTeamCountry "GER"]
[BlackTeamCountry "GER"]

1. d4 Nf6 2. Nf3 g6 3. c4 Bg7 4. g3 0-0 5. Bg2 d6 6. 0-0 Nc6 7. Nc3 a6 8. h3 Rb8 9. Be3 Re8 10. Rc1 b6 11. d5 Na5 12. Nd2 b5 13. b4 Nxc4 14. Nxc4 bxc4 15. a3 Bd7 16. Na2 e6 17. Ba7 Ra8 18. dxe6 Bxe6 19. Bd4 d5 20. Nc3 Qd7 21. Bxf6 Bxf6 22. Nxd5 Bxd5 23. Qxd5 Qxd5 24. Bxd5 Rad8 25. Bxc4 Bb2 26. Rc2 Bxa3 1/2-1/2

[Event "Mittelfranken-chTB2a 1718"]
[Site "Mittelfranken"]
[Date "2018.01.28"]
[Round "4.1"]
[White "Muenster, Erich"]
[Black "Basting, Steffen"]
[Result "0-1"]
[WhiteElo "1936"]
[BlackElo "2023"]
[PlyCount "79"]
[EventDate "2017.10.08"]
[EventType "team-tourn"]
[EventRounds "9"]
[EventCountry "GER"]
[SourceTitle "EXT 2022"]
[Source "ChessBase"]
[SourceDate "2021.10.06"]
[SourceVersion "1"]
[SourceVersionDate "2021.10.06"]
[SourceQuality "1"]
[WhiteTeam "Heilsbronn"]
[BlackTeam "Fuerth SF"]
[WhiteTeamCountry "GER"]
[BlackTeamCountry "GER"]

1. e4 c5 2. Nf3 d6 3. d4 cxd4 4. Nxd4 Nf6 5. Nc3 a6 6. Bc4 e6 7. Bb3 Be7 8. Be3 0-0 9. Qe2 b5 10. a3 Bb7 11. f3 d5 12. e5 Nfd7 13. f4 Nc6 14. Rd1 b4 15. axb4 Bxb4 16. 0-0 Bxc3 17. bxc3 Na5 18. c4 dxc4 19. Bxc4 Nxc4 20. Qxc4 Bd5 21. Qe2 Qc7 22. Qh5 f5 23. g4 g6 24. Qg5 Qd8 25. Qxd8 Rfxd8 26. gxf5 gxf5 27. Rf2 Nf8 28. Rfd2 Be4 29. Kf2 Kf7 30. Ra1 Rdc8 31. Ra5 Ng6 32. c4 Rxc4 33. Nb5 axb5 34. Rxa8 Bxa8 35. Rd7+ Ne7 36. Bb6 Bc6 37. Rc7 Rxf4+ 38. Ke3 Re4+ 39. Kd3 Rxe5 40. Kd4 0-1

[Event "Mittelfranken-chTB2a 1718"]
[Site "Mittelfranken"]
[Date "2017.10.29"]
[Round "2.1"]
[White "Pfitzinger, Leonhard"]
[Black "Basting, Steffen"]
[Result "1/2-1/2"]
[WhiteElo "1894"]
[BlackElo "2023"]
[PlyCount "87"]
[EventDate "2017.10.08"]
[EventType "team-tourn"]
[EventRounds "9"]
[EventCountry "GER"]
[SourceTitle "EXT 2022"]
[Source "ChessBase"]
[SourceDate "2021.10.06"]
[SourceVersion "1"]
[SourceVersionDate "2021.10.06"]
[SourceQuality "1"]
[WhiteTeam "Bad Windsheim/Ansbach"]
[BlackTeam "Fuerth SF"]
[WhiteTeamCountry "GER"]
[BlackTeamCountry "GER"]

1. d4 Nf6 2. c4 g6 3. Nc3 Bg7 4. e4 d6 5. Be2 0-0 6. Bg5 c5 7. d5 a6 8. Qd2 Qa5 9. h4 b5 10. f3 bxc4 11. Bxc4 Qb4 12. Bf1 Nbd7 13. Rc1 Nb6 14. g4 e6 15. Bxf6 Bxf6 16. g5 Bg7 17. h5 exd5 18. hxg6 hxg6 19. a3 Qd4 20. Qh2 Re8 21. Nge2 Qe5 22. f4 Qe7 23. Ng3 dxe4 24. Rc2 d5 25. Qh7+ Kf8 26. Rch2 Qd6 27. Nce2 Nc4 28. Bh3 Nxb2 29. f5 Nd3+ 30. Kf1 gxf5 31. Bxf5 Qe5 32. Bxc8 Rexc8 33. Nf5 Ke8 34. Nxg7+ Kd7 35. Qf5+ Qxf5+ 36. Nxf5 Rab8 37. Ne3 Rb1+ 38. Kg2 Rb2 39. Kg3 d4 40. Nc4 Rb3 41. Kg4 Ke6 42. Nf4+ Nxf4 43. Kxf4 Kd5 44. Nd2 1/2-1/2

[Event "Mittelfranken-chTB1 1213"]
[Site "Germany"]
[Date "2013.04.21"]
[Round "9.3"]
[White "Sippl, Martin"]
[Black "Basting, Steffen"]
[Result "1/2-1/2"]
[WhiteElo "1989"]
[BlackElo "2022"]
[PlyCount "80"]
[EventDate "2012.10.07"]
[EventType "team-tourn"]
[EventRounds "9"]
[EventCountry "GER"]
[SourceTitle "EXT 2019"]
[Source "ChessBase"]
[SourceDate "2018.10.10"]
[SourceVersion "1"]
[SourceVersionDate "2018.10.10"]
[SourceQuality "1"]
[WhiteTeam "Postbauer Heng"]
[BlackTeam "Fuerth SF"]
[WhiteTeamCountry "GER"]
[BlackTeamCountry "GER"]

1. e4 c5 2. Nf3 d6 3. d4 cxd4 4. Nxd4 Nf6 5. Nc3 a6 6. Bg5 e6 7. f4 Nbd7 8. Qf3 Qc7 9. 0-0-0 b5 10. Bxb5 axb5 11. Ndxb5 Qb8 12. e5 Bb7 13. Qe2 dxe5 14. Qc4 Be7 15. Nc7+ Kf8 16. Bxf6 Nxf6 17. Nxa8 Qxa8 18. fxe5 Nd5 19. Nxd5 Bxd5 20. Rxd5 Qxd5 21. Qxd5 exd5 22. Rd1 Bg5+ 23. Kb1 Ke7 24. Rxd5 Rd8 25. Rxd8 Kxd8 26. c4 Bf4 27. h3 Bxe5 28. Kc2 Kc7 29. b4 Kc6 30. Kd3 f5 31. a4 g5 32. a5 h5 33. Ke3 Bc3 34. b5+ Kc5 35. h4 gxh4 36. Kf4 Bxa5 37. Kxf5 Kxc4 38. Kg5 Bd8+ 39. Kxh5 Kxb5 40. Kg4 Be7 1/2-1/2

[Event "Mittelfranken-chTB1 1213"]
[Site "Germany"]
[Date "2012.12.17"]
[Round "5.3"]
[White "Billmann, Andreas"]
[Black "Basting, Steffen"]
[Result "1/2-1/2"]
[WhiteElo "1915"]
[BlackElo "2022"]
[PlyCount "76"]
[EventDate "2012.10.07"]
[EventType "team-tourn"]
[EventRounds "9"]
[EventCountry "GER"]
[SourceTitle "EXT 2019"]
[Source "ChessBase"]
[SourceDate "2018.10.10"]
[SourceVersion "1"]
[SourceVersionDate "2018.10.10"]
[SourceQuality "1"]
[WhiteTeam "Nuernberg Sued SW III"]
[BlackTeam "Fuerth SF"]
[WhiteTeamCountry "GER"]
[BlackTeamCountry "GER"]

1. d4 Nf6 2. c4 g6 3. Nc3 Bg7 4. e4 d6 5. Nf3 0-0 6. h3 e5 7. d5 a5 8. Be3 Na6 9. g4 Nc5 10. Qc2 c6 11. 0-0-0 cxd5 12. exd5 b6 13. Rg1 Bd7 14. Be2 Rc8 15. Nd2 Na6 16. g5 Bf5 17. Qb3 Nd7 18. Nde4 Ndc5 19. Nxc5 Nxc5 20. Qa3 Qd7 21. h4 Ra8 22. h5 gxh5 23. Bxh5 Rfc8 24. Kd2 Nd3 25. Be2 Nc5 26. f3 e4 27. Bxc5 Bxc3+ 28. Qxc3 Rxc5 29. fxe4 Bxe4 30. b3 Re8 31. Qf6 Qh3 32. Rgf1 Bg6 33. Rf3 Qh2 34. Re1 b5 35. Rf2 Qh4 36. Rf4 Qh2 37. Rf2 Qh4 38. Rf4 Qh2 1/2-1/2

[Event "Mittelfranken-chTB1 1112"]
[Site "Germany"]
[Date "2011.12.11"]
[Round "4.2"]
[White "Basting, Steffen"]
[Black "Redzepovic, Irfan"]
[Result "1-0"]
[WhiteElo "2011"]
[BlackElo "2094"]
[PlyCount "83"]
[EventDate "2011.09.25"]
[EventType "team-tourn"]
[EventRounds "9"]
[EventCountry "GER"]
[SourceTitle "EXT 2013"]
[Source "ChessBase"]
[SourceDate "2012.11.22"]
[SourceVersion "1"]
[SourceVersionDate "2012.11.22"]
[SourceQuality "1"]
[WhiteTeam "Fuerth"]
[BlackTeam "Nuernberg Sued SW II"]
[WhiteTeamCountry "GER"]
[BlackTeamCountry "GER"]

1. e4 e5 2. Nc3 g6 3. d4 Nc6 4. Nge2 d6 5. Be3 Bg7 6. f3 Nge7 7. Qd2 f5 8. d5 Nb8 9. Nc1 Nd7 10. h3 Nf6 11. g4 fxe4 12. fxe4 c6 13. Nb3 0-0 14. 0-0-0 a5 15. dxc6 a4 16. Nc5 Nxc6 17. Qxd6 Qa5 18. Qd3 a3 19. Qc4+ Kh8 20. b3 Nd4 21. b4 Qc7 22. Nb3 Nxb3+ 23. cxb3 Qb8 24. Bc5 Re8 25. Bd6 Qa7 26. Qc5 b6 27. Qe3 Be6 28. Kb1 Rac8 29. Nb5 Qf7 30. Be2 Ng8 31. Rhf1 Qb7 32. Rc1 Ne7 33. Nc7 Nc6 34. Ba6 Qxc7 35. Bxc7 Rxc7 36. b5 Ra7 37. Rxc6 Bg8 38. Rfc1 h6 39. Rxg6 Bh7 40. Rxb6 Rf7 41. Bc8 Rd8 42. Bf5 1-0

[Event "Mittelfranken-chTB1 1011"]
[Site "Germany"]
[Date "2010.10.17"]
[Round "2.2"]
[White "Basting, Steffen"]
[Black "Seeger, Peter"]
[Result "1/2-1/2"]
[WhiteElo "2000"]
[BlackElo "2103"]
[PlyCount "36"]
[EventDate "2010.09.26"]
[EventType "team-tourn"]
[EventRounds "9"]
[EventCountry "GER"]
[SourceTitle "EXT 2012"]
[Source "ChessBase"]
[SourceDate "2011.11.24"]
[SourceVersion "1"]
[SourceVersionDate "2011.11.24"]
[SourceQuality "1"]
[WhiteTeam "Fuerth"]
[BlackTeam "Nuernberg NT III"]
[WhiteTeamCountry "GER"]
[BlackTeamCountry "GER"]

1. e4 c5 2. Na3 g6 3. c3 d5 4. exd5 Qxd5 5. Nf3 Bg7 6. Bc4 Qd8 7. 0-0 Nf6 8. d4 cxd4 9. Qxd4 Qxd4 10. Nxd4 a6 11. Re1 e6 12. Nac2 0-0 13. a4 Bd7 14. a5 Nc6 15. Nxc6 Bxc6 16. Nb4 Bd7 17. Bf4 Rfc8 18. Be2 Nd5 1/2-1/2

[Event "Mittelfranken-chTB1 0910"]
[Site "Mittelfranken"]
[Date "2009.12.06"]
[Round "4.5"]
[White "Meyer, Friedrich"]
[Black "Basting, Steffen"]
[Result "1-0"]
[WhiteElo "1942"]
[BlackElo "1993"]
[PlyCount "89"]
[EventDate "2009.10.11"]
[EventType "team-tourn"]
[EventRounds "9"]
[EventCountry "GER"]
[SourceTitle "EXT 2011"]
[Source "ChessBase"]
[SourceDate "2010.11.26"]
[SourceVersion "1"]
[SourceVersionDate "2010.11.26"]
[SourceQuality "1"]
[WhiteTeam "Gunzenhausen"]
[BlackTeam "Fuerth SF"]
[WhiteTeamCountry "GER"]
[BlackTeamCountry "GER"]

1. c4 Nf6 2. g3 g6 3. Bg2 Bg7 4. Nc3 0-0 5. e4 d6 6. Nge2 e5 7. 0-0 c6 8. Rb1 Be6 9. d3 h6 10. f4 Qb6+ 11. Kh1 Ng4 12. Qe1 f5 13. h3 Nf6 14. Kh2 Nbd7 15. b3 Rae8 16. Ba3 c5 17. Qd2 a5 18. Rbe1 Kh7 19. Bb2 Nh5 20. exf5 gxf5 21. Nd5 Qd8 22. Bf3 Bxd5 23. Bxd5 exf4 24. Bxg7 fxg3+ 25. Nxg3 Nxg7 26. Rxe8 Qxe8 27. Bxb7 Ne5 28. d4 cxd4 29. Qxd4 Qe7 30. Bd5 Qf6 31. Qa7 Kh8 32. Qf2 Qh4 33. Qf4 Qf6 34. Ne4 Qg6 35. Rg1 Nh5 36. Qxe5+ dxe5 37. Rxg6 Nf4 38. Rf6 Rxf6 39. Nxf6 Kg7 40. Nd7 e4 41. Kg3 e3 42. Bf3 e2 43. Kf2 Nxh3+ 44. Kxe2 Kf7 45. Ne5+ 1-0

[Event "Mittelfranken-chTB1 0809"]
[Site "Mittelfranken"]
[Date "2009.01.11"]
[Round "4.4"]
[White "Hepting, Heinrich"]
[Black "Basting, Steffen"]
[Result "1-0"]
[WhiteElo "2227"]
[BlackElo "1972"]
[PlyCount "47"]
[EventDate "2008.10.12"]
[EventType "team"]
[EventRounds "9"]
[EventCountry "GER"]
[SourceTitle "EXT 2011"]
[Source "ChessBase"]
[SourceDate "2010.11.26"]
[SourceVersion "1"]
[SourceVersionDate "2010.11.26"]
[SourceQuality "1"]
[WhiteTeam "Fuerth SZ"]
[BlackTeam "Fuerth SF"]
[WhiteTeamCountry "GER"]
[BlackTeamCountry "GER"]

1. d4 Nf6 2. c4 g6 3. Nc3 Bg7 4. e4 d6 5. Nge2 0-0 6. Ng3 c5 7. d5 e6 8. Be2 exd5 9. exd5 a6 10. 0-0 Nbd7 11. Bg5 h6 12. Be3 Ne5 13. h3 Ne8 14. f4 Nd7 15. Bd3 f5 16. Re1 Ne5 17. fxe5 f4 18. Bf2 fxg3 19. Bxg3 Bxe5 20. Bxe5 dxe5 21. Qd2 Kg7 22. Qe3 Qd6 23. Ne4 Qb6 24. Re2 1-0

[Event "Mittelfranken-chTB1 0809"]
[Site "Mittelfranken"]
[Date "2008.12.07"]
[Round "3.4"]
[White "Basting, Steffen"]
[Black "Dietrich, Jochen"]
[Result "1/2-1/2"]
[WhiteElo "1972"]
[BlackElo "1980"]
[PlyCount "26"]
[EventDate "2008.10.12"]
[EventType "team"]
[EventRounds "9"]
[EventCountry "GER"]
[SourceTitle "EXT 2011"]
[Source "ChessBase"]
[SourceDate "2010.11.26"]
[SourceVersion "1"]
[SourceVersionDate "2010.11.26"]
[SourceQuality "1"]
[WhiteTeam "Fuerth SF"]
[BlackTeam "Buechenbach/Roth"]
[WhiteTeamCountry "GER"]
[BlackTeamCountry "GER"]

1. e4 d6 2. d4 Nf6 3. Nc3 g6 4. Be3 Bg7 5. f3 Nbd7 6. Qd2 c6 7. h4 h5 8. Nh3 b5 9. Ng5 Bb7 10. Bd3 a6 11. Qf2 e5 12. 0-0 Qe7 13. Be2 0-0 1/2-1/2

[Event "Mittelfrankenliga-B1 0708"]
[Site "Mittelfranken"]
[Date "2008.02.17"]
[Round "6.2"]
[White "Basting, Steffen"]
[Black "Schatz, Christian"]
[Result "1/2-1/2"]
[WhiteElo "1972"]
[BlackElo "2123"]
[PlyCount "55"]
[EventDate "2007.10.14"]
[EventType "team-tourn"]
[EventRounds "9"]
[EventCountry "GER"]
[SourceTitle "EXT 2011"]
[Source "ChessBase"]
[SourceDate "2010.11.26"]
[SourceVersion "1"]
[SourceVersionDate "2010.11.26"]
[SourceQuality "1"]
[WhiteTeam "Fuerth SF"]
[BlackTeam "Fuerth SZ"]
[WhiteTeamCountry "GER"]
[BlackTeamCountry "GER"]

1. e4 c6 2. d3 d5 3. Nd2 e5 4. Ngf3 Bg4 5. g3 Nf6 6. Bg2 Nbd7 7. 0-0 Bd6 8. Qe2 0-0 9. Re1 Re8 10. h3 Bxf3 11. Nxf3 dxe4 12. dxe4 Nc5 13. Nh4 g6 14. Bh6 Bf8 15. Rad1 Qe7 16. Bc1 a5 17. b3 a4 18. b4 Ne6 19. c3 Rac8 20. Nf3 Qc7 21. Ng5 c5 22. Nxe6 Rxe6 23. h4 Rd8 24. a3 Red6 25. Bg5 h6 26. Bxf6 Rxf6 27. Rxd8 Qxd8 28. Rd1 1/2-1/2

[Event "Mittelfrankenliga-B1 0708"]
[Site "Mittelfranken"]
[Date "2008.01.13"]
[Round "4.3"]
[White "Kroneder, Hans Christian"]
[Black "Basting, Steffen"]
[Result "1/2-1/2"]
[WhiteElo "2019"]
[BlackElo "1972"]
[PlyCount "72"]
[EventDate "2007.10.14"]
[EventType "team-tourn"]
[EventRounds "9"]
[EventCountry "GER"]
[SourceTitle "EXT 2011"]
[Source "ChessBase"]
[SourceDate "2010.11.26"]
[SourceVersion "1"]
[SourceVersionDate "2010.11.26"]
[SourceQuality "1"]
[WhiteTeam "Schwanstetten"]
[BlackTeam "Fuerth SF"]
[WhiteTeamCountry "GER"]
[BlackTeamCountry "GER"]

1. e4 c5 2. c3 e5 3. Nf3 Nc6 4. Bc4 Qc7 5. d3 Nf6 6. 0-0 Be7 7. Ng5 0-0 8. f4 d6 9. Qb3 Nd8 10. f5 Rb8 11. a4 h6 12. Nf3 Nc6 13. Qd1 Na5 14. Ba2 c4 15. Qe2 Qc6 16. Nbd2 cxd3 17. Qxd3 b6 18. b4 Nb7 19. Bb2 Nd8 20. Bb3 Bb7 21. Rae1 Qc8 22. Ba3 Ba8 23. b5 Qc7 24. Kh1 Nb7 25. Nc4 Nc5 26. Bxc5 Qxc5 27. Nfd2 Rbc8 28. Qe3 Qxe3 29. Rxe3 Nd7 30. Rg3 Kh7 31. Rd1 Nc5 32. Bc2 Kh8 33. Ne3 Bg5 34. Nd5 Bxd5 35. exd5 Bxd2 36. Rxd2 f6 1/2-1/2

[Event "Mittelfrankenliga-B1 0708"]
[Site "Mittelfranken"]
[Date "2007.11.25"]
[Round "3.3"]
[White "Basting, Steffen"]
[Black "Zwingel, Stephan"]
[Result "1/2-1/2"]
[WhiteElo "1972"]
[BlackElo "1975"]
[PlyCount "32"]
[EventDate "2007.10.14"]
[EventType "team-tourn"]
[EventRounds "9"]
[EventCountry "GER"]
[SourceTitle "EXT 2011"]
[Source "ChessBase"]
[SourceDate "2010.11.26"]
[SourceVersion "1"]
[SourceVersionDate "2010.11.26"]
[SourceQuality "1"]
[WhiteTeam "Fuerth SF"]
[BlackTeam "Zirndorf II"]
[WhiteTeamCountry "GER"]
[BlackTeamCountry "GER"]

1. e4 c5 2. Nc3 a6 3. f4 e6 4. Nf3 Nf6 5. e5 Nd5 6. Nxd5 exd5 7. Be2 Nc6 8. 0-0 d6 9. d3 Be7 10. c4 dxe5 11. Nxe5 Nxe5 12. fxe5 dxc4 13. dxc4 Qxd1 14. Bxd1 0-0 15. Bf3 Rb8 16. Bd5 Be6 1/2-1/2

[Event "Mittelfrankenliga-B1 0506"]
[Site "Germany"]
[Date "2006.01.29"]
[Round "5.1"]
[White "Herning, Jens"]
[Black "Basting, Steffen"]
[Result "1/2-1/2"]
[WhiteElo "2026"]
[BlackElo "1973"]
[PlyCount "85"]
[EventDate "2005.10.16"]
[EventType "team"]
[EventRounds "9"]
[EventCountry "GER"]
[SourceTitle "EXT 2007"]
[Source "ChessBase"]
[SourceDate "2006.11.23"]
[SourceVersion "1"]
[SourceVersionDate "2006.11.23"]
[SourceQuality "1"]

1. d4 Nf6 2. c4 g6 3. Nc3 Bg7 4. e4 d6 5. Nf3 0-0 6. Be2 e5 7. 0-0 Nc6 8. d5 Ne7 9. Ne1 Nd7 10. Nd3 f5 11. Bd2 Nf6 12. f3 c5 13. dxc6 Nxc6 14. Be3 Be6 15. c5 d5 16. exd5 Nxd5 17. Nxd5 Bxd5 18. Qa4 Qe7 19. Rfe1 Kh8 20. Bf1 Rad8 21. Bf2 Qf7 22. Nb4 Nxb4 23. Qxb4 e4 24. fxe4 fxe4 25. Bd4 Bc6 26. Bxg7+ Qxg7 27. Be2 Qd4+ 28. Qxd4+ Rxd4 29. Rad1 Rfd8 30. Kf2 Rxd1 31. Rxd1 Rxd1 32. Bxd1 Kg7 33. Ke3 Kf6 34. Kd4 Kf5 35. Be2 h5 36. g3 a6 37. b4 h4 38. Bd1 hxg3 39. hxg3 g5 40. a4 Be8 41. Kd5 e3 42. Kd4 Bxa4 43. Bf3 1/2-1/2

[Event "GER-chT U20"]
[Site "Hamburg"]
[Date "2001.12.30"]
[Round "7.3"]
[White "Basting, Steffen"]
[Black "Dahm, Jochen"]
[Result "0-1"]
[WhiteElo "1903"]
[BlackElo "2219"]
[PlyCount "118"]
[EventDate "2001.12.26"]
[EventType "team"]
[EventRounds "7"]
[EventCountry "GER"]
[SourceTitle "EXT 2003"]
[Source "ChessBase"]
[SourceDate "2002.11.25"]
[SourceVersion "1"]
[SourceVersionDate "2002.11.25"]
[SourceQuality "1"]

1. Nf3 c5 2. g3 g6 3. Bg2 Bg7 4. d3 Nc6 5. 0-0 d5 6. Nbd2 d4 7. e4 dxe3 8. fxe3 Nf6 9. a4 0-0 10. e4 Ng4 11. Nc4 Be6 12. Qe2 Bxc4 13. dxc4 Nge5 14. c3 Qd3 15. Qxd3 Nxd3 16. Rd1 Rad8 17. Bf1 Nde5 18. Rxd8 Nxf3+ 19. Kf2 Rxd8 20. Kxf3 h5 21. Be2 b6 22. Be3 Kh7 23. Kf2 Bh6 24. Bxh6 Kxh6 25. Ke3 f6 26. Rf1 Kg7 27. Rb1 a5 28. Rf1 Rd6 29. g4 hxg4 30. Bxg4 Ne5 31. Be2 Rd8 32. h4 Rh8 33. Rh1 Nf7 34. Bf3 Nd6 35. b3 Rh6 36. Kf4 Rxh4+ 37. Rxh4 g5+ 38. Kg3 gxh4+ 39. Kxh4 e6 40. Kg3 Kg6 41. Kf4 e5+ 42. Ke3 Kg5 43. Bd1 Kh4 44. Bc2 Kg3 45. Bd3 Nf7 46. Be2 Nh6 47. Bh5 Ng4+ 48. Kd3 Kf4 49. Ke2 Nh6 50. Bg6 Ng8 51. Kd3 Ne7 52. Bh5 Nc8 53. Be8 Nd6 54. Bc6 Kf3 55. Bd5 Kf2 56. Be6 Kf3 57. Bd5 f5 58. exf5+ e4+ 59. Kd2 Kf2 0-1

[Event "GER-chT U20"]
[Site "Hamburg"]
[Date "2001.12.29"]
[Round "5.3"]
[White "Rudnizki, Sergej"]
[Black "Basting, Steffen"]
[Result "1-0"]
[WhiteElo "2118"]
[BlackElo "1903"]
[PlyCount "49"]
[EventDate "2001.12.26"]
[EventType "team"]
[EventRounds "7"]
[EventCountry "GER"]
[SourceTitle "EXT 2003"]
[Source "ChessBase"]
[SourceDate "2002.11.25"]
[SourceVersion "1"]
[SourceVersionDate "2002.11.25"]
[SourceQuality "1"]

1. e4 c5 2. Nf3 d6 3. d4 cxd4 4. Nxd4 Nf6 5. Nc3 a6 6. Be2 e6 7. Be3 b5 8. Bf3 e5 9. Nf5 Be6 10. 0-0 Nc6 11. Nd5 Bxd5 12. exd5 Na5 13. a4 Nc4 14. axb5 axb5 15. Qe2 Ra5 16. b3 Nxe3 17. Qxe3 b4 18. Nd4 Qa8 19. Rxa5 Qxa5 20. Nc6 Qc5 21. Qd3 Nd7 22. Ra1 Nb6 23. Ra5 Qc3 24. Qxc3 bxc3 25. Ra6 1-0

[Event "GER-chT U20"]
[Site "Hamburg"]
[Date "2001.12.27"]
[Round "3.3"]
[White "Freyberg, Dominic"]
[Black "Basting, Steffen"]
[Result "1-0"]
[WhiteElo "1892"]
[BlackElo "1903"]
[PlyCount "115"]
[EventDate "2001.12.26"]
[EventType "team"]
[EventRounds "7"]
[EventCountry "GER"]
[SourceTitle "EXT 2003"]
[Source "ChessBase"]
[SourceDate "2002.11.25"]
[SourceVersion "1"]
[SourceVersionDate "2002.11.25"]
[SourceQuality "1"]

1. e4 c5 2. Nf3 d6 3. Bc4 e6 4. d3 Nc6 5. 0-0 Nge7 6. Nc3 g6 7. Ng5 Bg7 8. Qf3 Ne5 9. Bb5+ Bd7 10. Qh3 h6 11. Nf3 Nxf3+ 12. Qxf3 Nc6 13. Qg3 Qe7 14. Bf4 e5 15. Be3 Nb4 16. Bxd7+ Qxd7 17. Rac1 g5 18. a3 Nc6 19. Nd5 Ne7 20. Nc3 f6 21. f3 f5 22. Qf2 f4 23. Bd2 0-0 24. Rfd1 h5 25. Ne2 g4 26. c3 Ng6 27. d4 cxd4 28. cxd4 gxf3 29. Qxf3 Qg4 30. Bb4 Rfd8 31. Rc7 Qg5 32. Be1 Rac8 33. Rxb7 exd4 34. Qb3+ Kh8 35. Qf7 Ne5 36. Qxf4 Qg6 37. Qf5 Qh6 38. Bd2 Qg6 39. Nxd4 Qxf5 40. Nxf5 Bf6 41. Bc3 Ng4 42. Bxf6+ Nxf6 43. Nxd6 Kg8 44. e5 Ne4 45. Rxa7 Rc2 46. Re1 Nxd6 47. exd6 Rxb2 48. d7 Kf8 49. Re8+ Rxe8 50. dxe8Q+ Kxe8 51. Rh7 Rb1+ 52. Kf2 Rb2+ 53. Kg3 h4+ 54. Rxh4 Rb3+ 55. Kf2 Rxa3 56. Rf4 Ke7 57. Rf3 Ra8 58. g4 1-0

[Event "Landesliga Nord 0102"]
[Site "Bayern"]
[Date "2001.11.25"]
[Round "3.5"]
[White "Basting, Steffen"]
[Black "Assmann, Norbert"]
[Result "0-1"]
[WhiteElo "1905"]
[BlackElo "2055"]
[PlyCount "82"]
[EventDate "2001.10.07"]
[EventType "team"]
[EventRounds "9"]
[EventCountry "GER"]
[SourceTitle "EXT 2003"]
[Source "ChessBase"]
[SourceDate "2002.11.25"]
[SourceVersion "1"]
[SourceVersionDate "2002.11.25"]
[SourceQuality "1"]
[WhiteTeam "Fuerth"]
[BlackTeam "Sailauf"]
[WhiteTeamCountry "GER"]
[BlackTeamCountry "GER"]

1. Nf3 Nf6 2. g3 g6 3. b4 Bg7 4. Bb2 0-0 5. Bg2 d5 6. 0-0 Bg4 7. h3 Bxf3 8. Bxf3 c6 9. d3 Nbd7 10. Nd2 Qb6 11. c3 Ne8 12. a4 Nd6 13. a5 Qc7 14. Qc2 a6 15. Bg2 Nf5 16. Rad1 e6 17. c4 Nd4 18. Bxd4 Bxd4 19. e3 Be5 20. Rc1 Qd6 21. d4 Bg7 22. cxd5 exd5 23. Qa4 f5 24. Nb3 g5 25. Nc5 Nxc5 26. bxc5 Qe7 27. Rfe1 Rae8 28. Qb4 Rf7 29. f4 Qc7 30. Qd2 Rfe7 31. Rb1 gxf4 32. gxf4 Bf6 33. Kh1 Bh4 34. Re2 Bg3 35. Rf1 Rg7 36. Rf3 Qe7 37. Rf1 Qh4 38. Rf3 Re6 39. Qc2 Qh5 40. Qd2 Rh6 41. Rf1 Qg4 0-1